| 000 | 00643nam a2200217 4500 | ||
|---|---|---|---|
| 003 | OSt | ||
| 005 | 20260530115302.0 | ||
| 008 | 260421b1980 mx a|||| |||| 00| 0 spa d | ||
| 020 | _a9683201334 | ||
| 040 |
_aICI _bspa _cICI |
||
| 050 |
_aT24.M4 _bS34 |
||
| 100 | 1 |
_aSánchez Flores, Ramón _931346 |
|
| 245 | 1 | 0 |
_aHistoria de la tecnología y la Invención en México _cRamón Sánchez Flores |
| 264 | 1 |
_bFomento Cultural Banamex _c1980 _aMéxico |
|
| 300 | _a643 páginas | ||
| 336 |
_atexto _2rdacontent |
||
| 337 |
_asin medio _2rdamedia |
||
| 338 |
_avolumen _2rdacarrier |
||
| 650 | 4 |
_aTecnología _xHistoria _zMéxico |
|
| 942 |
_2ddc _cBK |
||
| 999 |
_c12893 _d12893 |
||